000 00712nam a2200289Ia 4500
005 20260324122520.0
008 008 260324s9999 xx 000 0 eng d
020 _a9781315585611
037 _aEBOOK
040 _aCRL
040 _beng
040 _cCRL
041 _2eng
041 _aeng
084 _qCRL
100 _aGail Super
_91166744
245 0 _aGoverning through Crime in South Africa
245 4 _bThe Politics of Race and Class in Neoliberalizing Regimes
260 _bTaylor and Francis
260 _c2013
365 _a
365 _b240
856 _uhttp://www.taylorfrancis.com/books/9781315585611
942 _cEBOOK
999 _c1759561
_d1759561